| 000 | 01114cam a22002774a 4500 | ||
|---|---|---|---|
| 999 |
_c4875 _d4875 |
||
| 003 | ALUPE UNIVERSITY | ||
| 005 | 20220330094933.0 | ||
| 008 | 060516s2006 nyu d 000 0 eng | ||
| 020 | _a0199298521 | ||
| 020 | _a9780199298525 | ||
| 040 | _cALUPE UNIVERSITY | ||
| 042 | _apcc | ||
| 050 | 0 | 0 |
_aPL679 _b.O94 2006 |
| 245 | 0 | 0 |
_aOxford beginners Japanese dictionary / _cedited by Jonathan Bunt, with Gillian Hall. |
| 260 |
_aOxford [England] : _aNew York : _bOxford University Press, _cc2006. |
||
| 300 |
_axvi, 464 p. ; _c20 cm. |
||
| 500 | _aFirst published as: The Oxford starter Japanese dictionary. 2000. Republished as: Oxford beginners Japanese dictionary, 2006. | ||
| 650 | 0 |
_aJapanese language _vDictionaries _xEnglish. |
|
| 650 | 0 |
_aEnglish language _vDictionaries _xJapanese. |
|
| 700 | 1 | _aBunt, Jonathan. | |
| 700 | 1 | _aHall, Gillian. | |
| 856 | 4 | 2 | _uhttp://www.loc.gov/catdir/enhancements/fy0725/2006046440-d.html |
| 906 |
_a7 _bcbc _corignew _d1 _eocip _f20 _gy-gencatlg |
||
| 942 |
_2lcc _cREF |
||